00538nam a2200145 a 450000100100000000500170001000800410002704000250006808200140009310000410010724500940014826000560024230000210029850000730031900004095920240305083702.0130912s1902 ng 000 0 spa d aDO-SdBNPbspacBNPHU axxxbxxxx1 aAngulo Guridi, Alejandro,d1823-190610aObservaciones criticas. :bsobre un libro de Mr. D. I. Burton /cAlejandro Angulo Guridi. aManagua, Nicaragua :bTipografía Nacional,c1902. a205 p. ;c20 cm. aPerteneció a la biblioteca personal de Carlos Larrazábal Blanco.